|
|
|
|
| LEADER |
00000cam a2200000 7i4500 |
| 001 |
0000007331 |
| 005 |
20070905.0 |
| 040 |
|
|
|a INS
|
| 090 |
0 |
0 |
|a RESEARCH 12
|
| 100 |
0 |
|
|a Abdullah Thalith Md. Thani
|
| 245 |
1 |
0 |
|a Pengambilan balik tanah :
|b kesan sub-seksyen 2A Sek.1 jadual pertama Akta Pengambilan Tanah 1960 (Pindaan) di Negeri Terengganu
|
| 300 |
|
|
|c 30cm.
|
| 500 |
|
|
|a Digital document is available on-line; Please click the URL below
|
| 650 |
0 |
0 |
|a Land acquisition
|
| 650 |
0 |
0 |
|a Land acquisition and compensation
|
| 650 |
0 |
0 |
|a Land acquisition and compensation
|z Malaysia
|
| 650 |
0 |
0 |
|a Land acquisition and compensation
|z Terengganu
|
| 710 |
2 |
|
|a INSPEN
|
| 856 |
|
|
|u http://app.inspen.gov.my:7779/pls/portal/docs/PAGE/CORPORATEPAGES/PORTAL_INSPEN/LAPORAN_PENYELIDIKAN_DI_PERPUSTAKAAN/EI.PDF
|
| 999 |
|
|
|a RES0000016
|b BOOK
|c Research By JPPH Staff
|e Default branch
|
| 999 |
|
|
|a RES0000017
|b BOOK
|c Research By JPPH Staff
|e Default branch
|
| 999 |
|
|
|a RES0000018
|b BOOK
|c Research By JPPH Staff
|e Default branch
|
| 999 |
|
|
|a RES0000019
|b BOOK
|c Research By JPPH Staff
|e Default branch
|
| 999 |
|
|
|a RES0000020
|b BOOK
|c Research By JPPH Staff
|e Default branch
|
| 999 |
|
|
|a RES0000423
|b BOOK
|c Research By JPPH Staff
|e Default branch
|
| 999 |
|
|
|a RES0000424
|b BOOK
|c Research By JPPH Staff
|e Default branch
|